000 00287nam a2200121Ia 4500
008 230901s2011 xx 000 0 und d
041 _aeng
082 _a610.153/SHA
100 _aSURESH K.SHARMA
245 _aBIOPHYSICS IN NURSING
260 _bJAYPEE BROTHERS,
_c2011
300 _a180
999 _c866649
_d866649